000 00511nam a22001577a 4500
020 _a9780471356059
040 _cNust
082 _a624.171
_bCON
100 _aRobert D. Cook
_913493
110 _aDavid S. Malkus, Michael E. Plesha, Robert J. Witt
_9124889
245 _aConcepts and applications of finite element analysis
250 _a4th edition
260 _aNew delhi:
_bJohn Wiley and sons Inc,
_c2001.
650 _aConcepts and applications of finite element analysis
_9124890
942 _2ddc
_cBK
999 _c610670
_d610670